header

Racial and ethnic differences in the health of older Americans (Record no. 156734)

MARC details
000 -LEADER
fixed length control field 01536nam a2200325 a 4500
082 04 - DEWEY DECIMAL CLASSIFICATION NUMBER
Classification number 613/.0438/08900973
245 00 - TITLE STATEMENT
Title Racial and ethnic differences in the health of older Americans
260 ## - PUBLICATION, DISTRIBUTION, ETC. (IMPRINT)
Place of publication Washington, D.C. :
Name of publisher National Academy Press,
Year of publication 1997.
300 ## - PHYSICAL DESCRIPTION
Number of Pages x, 300 p. :
Other physical details ill.
500 ## - GENERAL NOTE
General note Revised versions of some of the papers originally presented at a workshop held Dec. 1994 in Washington.
650 #0 - SUBJECT ADDED ENTRY--TOPICAL TERM
Topical Term Minority older people
Topical Term Minority older people
700 1# - ADDED ENTRY--PERSONAL NAME
Personal name Martin, Linda G.,
Personal name Soldo, Beth J.
856 40 - ELECTRONIC LOCATION AND ACCESS
Uniform Resource Identifier http://site.ebrary.com/lib/rucke/Doc?id=10062730

No items available.

© 2026 Rongo University
Contact us: librarian | system librarian | Rongo university